Nghiên cứu một số tác động của thủy điện đến thành phần loài và phân bố của cá ở sông Tranh, huyện Bắc Trà My, tỉnh Quảng Nam

Trên cơ sở nghiên cứu, đánh giá được sự biến động thành phần loài và sự phân bố của cá do tác động của thủy điện ở sông Tranh, huyện Bắc Trà My, tỉnh Quảng Nam làm cơ sở khoa học cho việc xây dựng, quy hoạch, phát triển bền vững và bảo tồn đa dạng sinh học nguồn cá....

Täydet tiedot

Tallennettuna:
Bibliografiset tiedot
Päätekijä: Đỗ Văn Thành
Muut tekijät: Vũ Thị Phương Anh TS. (Hướng dẫn)
Aineistotyyppi: Kirja
Kieli:Vietnamese
Julkaistu: Đà Nẵng Đại học Đà Nẵng 2015
Aiheet:
Tagit: Lisää tagi
Ei tageja, Lisää ensimmäinen tagi!
Thư viện lưu trữ: Mạng thư viện Đại học Đà Nẵng
LEADER 01858nam a2200349 4500
001 000023828
003 20281
005 20160329100353.0
008 160316s2015 viesd
041 |a vie 
082 1 4 |a 597.1764  |b ĐÔ-T 
100 1 |a Đỗ Văn Thành 
245 1 |a Nghiên cứu một số tác động của thủy điện đến thành phần loài và phân bố của cá ở sông Tranh, huyện Bắc Trà My, tỉnh Quảng Nam  |c Đỗ Văn Thành ; Vũ Thị Phương Anh hướng dẫn.  |k Luận văn Thạc sĩ 
260 |a Đà Nẵng  |b Đại học Đà Nẵng  |c 2015 
300 |a 85 tr. ; phụ lục 15 tr.  |b Hình ảnh mh.  |c 29 cm.  |e Tóm tắt 
500 |a Luận văn thạc sĩ Khoa học. Chuyên ngành: Sinh thái học. Mã số: 60.42.60 
520 3 |a Trên cơ sở nghiên cứu, đánh giá được sự biến động thành phần loài và sự phân bố của cá do tác động của thủy điện ở sông Tranh, huyện Bắc Trà My, tỉnh Quảng Nam làm cơ sở khoa học cho việc xây dựng, quy hoạch, phát triển bền vững và bảo tồn đa dạng sinh học nguồn cá. 
650 0 4 |a Cá  |v Luận văn tốt nghiệp  |x Sinh thái sông  |z Quảng Nam 
653 |a Cá 
653 |a Thủy điện 
653 |a Sinh thái học sông 
700 1 |a Vũ Thị Phương Anh  |c TS.  |e Hướng dẫn 
OWN |a LSP 
AVA |a UDN50  |b LSP  |d 597.1764 ĐÔ-T  |e available  |t Error 5001 Not defined in file expand_doc_bib_avail.  |f 1  |g 0  |h N  |i 0  |k 1 
999 |a From the UDN01 
AVA |a UDN50  |b LSP  |d 597.1764 ĐÔ-T  |e available  |t Error 5001 Not defined in file expand_doc_bib_avail.  |f 1  |g 0  |h N  |i 0  |k 1 
TYP |a Monograph 
TYP |a Printed language 
980 |a Mạng thư viện Đại học Đà Nẵng